|
|
|
|
| LEADER |
00000nam0a2200000 4500 |
| 001 |
166911 |
| 005 |
20231101222644.0 |
| 010 |
|
|
|a 9785911343026
|
| 035 |
|
|
|a (RuTPU)RU\TPU\book\181045
|
| 090 |
|
|
|a 166911
|
| 100 |
|
|
|a 20091009d2010 m y0rusy50 ca
|
| 101 |
0 |
|
|a rus
|
| 102 |
|
|
|a RU
|
| 105 |
|
|
|a y j 001zy
|
| 200 |
1 |
|
|a Русский язык и культура речи
|e учебное пособие для среднего профессионального образования
|f Н. В. Кузнецова
|
| 205 |
|
|
|a 3-е изд.
|
| 210 |
|
|
|a Москва
|c Форум
|d 2010
|
| 215 |
|
|
|a 368 с.
|
| 225 |
1 |
|
|a Профессиональное образование
|
| 318 |
|
|
|5 63413507
|a Навыки XXI века
|b выставка
|
| 320 |
|
|
|a Библиогр.: с. 354-359.
|
| 330 |
|
|
|a В учебнике представлены основные данные по культуре речи, а также школьный курс русского языка в расширенном и углубленном виде. Большое внимание уделяется практической работе учащихся, предотвращению возможных речевых ошибок, выполнению заданий творческого характера, работе со словарями.
|
| 606 |
1 |
|
|a Русский язык
|x Учебники и учебные пособия для различных степеней образования
|2 stltpush
|3 (RuTPU)RU\TPU\subj\26397
|9 50337
|
| 610 |
1 |
|
|a культура речи
|
| 610 |
1 |
|
|a язык
|
| 610 |
1 |
|
|a речь
|
| 610 |
1 |
|
|a речевой этикет
|
| 610 |
1 |
|
|a фонетика
|
| 610 |
1 |
|
|a орфоэпия
|
| 610 |
1 |
|
|a лексикология
|
| 610 |
1 |
|
|a фразеология
|
| 610 |
1 |
|
|a лексикография
|
| 610 |
1 |
|
|a лексические средства
|
| 610 |
1 |
|
|a выразительные средства
|
| 610 |
1 |
|
|a словообразование
|
| 610 |
1 |
|
|a морфология
|
| 610 |
1 |
|
|a грамматика
|
| 610 |
1 |
|
|a морфемика
|
| 610 |
1 |
|
|a синтаксис
|
| 610 |
1 |
|
|a пунктуация
|
| 610 |
1 |
|
|a знаки препинания
|
| 610 |
1 |
|
|a текст
|
| 610 |
1 |
|
|a стили речи
|
| 610 |
1 |
|
|a правописание
|
| 686 |
|
|
|a Ш141.2-92/-98
|v LBC/SL-A
|2 rubbk
|
| 700 |
|
1 |
|a Кузнецова
|b Н. В.
|g Надежда Владимировна
|
| 801 |
|
1 |
|a RU
|b 63413507
|c 20091009
|
| 801 |
|
2 |
|a RU
|b 63413507
|c 20120516
|g RCR
|
| 942 |
|
|
|c BK
|
| 959 |
|
|
|a 103/20091007
|d 1
|e 124,90
|f ЧЗИЛ:1
|